| 000 | 01647cam a2200313 a 4500 | ||
|---|---|---|---|
| 999 |
_c232785 _d232785 |
||
| 001 | 15409022 | ||
| 003 | Nust | ||
| 005 | 20170223121754.0 | ||
| 008 | 080812s2009 nyu 000 1 eng | ||
| 010 | _a 2008035457 | ||
| 020 | _a9781851687343 | ||
| 035 | _a(OCoLC)ocn243845417 | ||
| 040 |
_aDLC _cDLC _dBTCTA _dYDXCP _dLIQ _dYDX _dCDX _dIH9 _dKSA _dC#P _dBWX _dVP@ _dIXA _dB@L _dDLC |
||
| 050 | 0 | 0 |
_aPS3608.U98 _bR54 2009 |
| 082 | 0 | 0 |
_a813.6 _bHUY |
| 100 | 1 |
_aHuyler, Frank, _d1964- |
|
| 245 | 1 | 0 |
_aRight of thirst : _ba novel / _cFrank Huyler. |
| 250 | _a1st ed. | ||
| 260 |
_aNew York : _bHarper Perennial, _c2009. |
||
| 300 |
_a355, 16 p. ; _c21 cm. |
||
| 520 | _aVolunteering to assist earthquake relief efforts in an impoverished Islamic country after the shattering death of his wife, successful cardiologist Charles Anderson encounters life-threatening hostilities when the refugees he expects do not appear and the area where he is stationed comes under fire. | ||
| 650 | 0 |
_aPhysicians _vFiction. |
|
| 650 | 0 |
_aHumanitarian assistance _vFiction. |
|
| 655 | 7 |
_aMedical novels. _2gsafd |
|
| 856 | 4 | 2 |
_3Contributor biographical information _uhttp://www.loc.gov/catdir/enhancements/fy1001/2008035457-b.html |
| 856 | 4 | 2 |
_3Publisher description _uhttp://www.loc.gov/catdir/enhancements/fy1001/2008035457-d.html |
| 906 |
_a7 _bcbc _corignew _d1 _eecip _f20 _gy-gencatlg |
||
| 942 |
_2ddc _cBK |
||